Quizzes
Events
Quiz Creation
Community
Videos
Private Events
Remove Ads
Sign In
Join for FREE
Feedback
Dark Mode
Quiz Categories
Sports
Geography
Music
Movies
Television
Just For Fun
Miscellaneous
History
Literature
Language
Science
Gaming
Entertainment
Religion
Holiday
For Kids
Quiz Lab
Recent
Popular Today
Quiz Kudos Today
Editor Picks
Curator Picks
Quizzes by...
Day
Popularity
Type
Ratings
Length
Year
Community
Subscriptions
Recent Discussions
Orange Saloon
Badges
Playlists
Quests
Create
Leaderboards
Showdown
Live 5
Trivia Bingo
Activity
Puzzle Library
Sporcle Events
Private Events
Virtual Trivia
Globe League
Become a Host
Pub Owners
SporcleCon
Opinionation
Our Games
Videos
Blog
Mobile Apps
Partnerships
Remove Ads and Go Orange
Feedback
Sports
Athletes
MLB
NBA
NHL
NFL
Soccer
Sports Teams
WWE
NCAA
Football
Premier League
Basketball
Baseball
Hockey
Golf
Tennis
Cricket
Rugby
Auto Racing
Olympics
World Cup
Sports
Athletes
MLB
NBA
NHL
NFL
Soccer
Sports Teams
WWE
NCAA
Football
Premier League
Basketball
Baseball
Hockey
Golf
Tennis
Cricket
Rugby
Auto Racing
Olympics
World Cup
Random Quiz
Search Sporcle
×
Quiz Lab
Quiz Lab
Sports
basemen
Type in answers that appear in a list
Type in answers that appear in a list
Classic
Best Score? Go Orange.
Royals first basemen Stats
Can you name the Royals first basemen?
By
RoyalsRetro
10m
25 Questions
866 Plays
866 Plays
866 Plays
Comments
Comments
Give Quiz Kudos
Give Quiz Kudos
-
- Ratings
hide this ad
Replay
Link that replays current quiz
Next Quiz
Link to next quiz in quiz playlist
You Got
0%
They Got
Avg Score
34%
Avg Friend Score
Upgrade to see
Score Distribution
Jump to the score distribution portion of the page
Score
0/25
Timer
10:00
0
Plays Today
Hint
Answer
% Correct
858 games
Eric Hosmer
98.6%
460 games
George Brett
80.7%
553 games
Mike Sweeney
75.6%
485 games
Steve Balboni
67.2%
389 games
Billy Butler
65.5%
825 games
John Mayberry
59.5%
178 games
Ken Harvey
53.1%
488 games
Wally Joyner
51%
280 games
Jeff King
48.6%
471 games
Willie Aikens
30.7%
78 games
Bob Hamelin
29.2%
185 games
Ross Gload
27.8%
86 games
Doug Mientkiewicz
23.6%
Hint
Answer
% Correct
146 games
John Wathan
22.2%
123 games
Ryan Shealy
20.2%
88 games
Jose Offerman
18.8%
100 games
Matt Stairs
18.6%
250 games
Pete LaCock
16.6%
175 games
Bob Oliver
11.4%
81 games
Raul Ibanez
10.2%
110 games
Dave McCarty
6.5%
109 games
Mike Fiore
5.1%
101 games
Gail Hopkins
4.6%
93 games
Tony Solaita
3.3%
91 games
Chuck Harrison
2.7%
Quiz Playlist
Details
Report
Send in Message
Add To Playlist
Classic:
Type in answers that appear in a list
Last Updated: Feb 16, 2017
Quiz Scoreboard
CHALLENGE
Sign Up to Join the Scoreboard
Show All
Scores
Hide
Comments
May contain spoilers
Recently Published
College Basketball Coaching Resumes
by pancakes188
Sports
9m
Billboard Blitz: Fleetwood Mac
by CooCooCachoo
Music
15s
Presidents Visiting Landmarks
by Hejman
History
7m
More to Explore
Quiz From the Vault
Featured Blog Post
Where Did the Easter Bunny Come From?
hide this ad
You Might Also Like...
Tags
basemen
Royal
Today's Top Quizzes in Sports
Browse Sports
hide this ad
Today's Top Quizzes in basemen
Browse basemen
Top Contributed Quizzes in Sports
1
2022 World Cup Stars
2
Les meilleurs buteurs des matchs entre le PSG et l’OM
3
FIFA Club World Cup Champions
4
Les entraîneurs de l'OM et du PSG au 21e siècle
5
Criteria MLB: Left Handed Sluggers
6
AFC Teams Reveal (Wrong Answers Minefield)
7
5-to-1: UK Sports Teams
8
5-to-1: FBS Animal Nicknames
9
2023 MLB Unique Player Accomplishments
10
Name the Premier League winners with different clubs
Explore More
Trending Topics
Crossword
Kpop
Marvel
Disney
NBA
Anime
Harry Potter
Country
Puzzle
Song
WWE
The Office
NFL
Pokémon
Soccer
hide this ad
More By:
RoyalsRetro
Quiz
Plays
Rating
Category
Featured
Created
Kansas City Royals Opening Day Starting Pitchers
10,054
4.74
Sports
Apr 29, 2016
Royals players with 20 home runs in a season
886
3.17
Sports
Jun 3, 2016
Royals first basemen
866
Sports
Feb 16, 2017
Royals in the 2,000 hit club
826
4.50
Sports
May 13, 2016
Single-season home run record for each MLB franchise
782
4.67
Sports
May 17, 2017
Go to Creator's Profile
Score Distribution
Quiz Creator Spotlight
RoyalsRetro
Follow
Send a Message
Quizzes Created
-
Created Quiz Play Count
-
More By This Creator
Popular Quizzes Today
1
Find the US States - No Outlines Minefield
2
Find the Countries of Europe - No Outlines Minefield
3
The Countries of the World
4
Find the US States
5
Risky Map Clicking: Biggest States A-Z
6
US States
7
Popular People in 1961
8
Movies - When Are They Set?
More Sports Quizzes
Detroit Tigers 25+ HRs Single Season
Published
Trending Quizzes
Risky Map Clicking: Least Populous States A-Z
1-10 Letter G Words
1-10 Letter F Words
Risky Map Clicking: Next State Alphabetically
Risky Map Clicking: Biggest States A-Z
Recently Updated
Leaping Animals
pecheneg
Reality TV Shows (A-Z)
bhenderson79
Rickey Henderson's Hall of Fame Teammates
pecheneg
Champions League XIs: Arsenal
pecheneg
Quick Pick: Celebrities in WWE's Hall of Fame
aduchscher
A-Z Keypad Blitz II
pecheneg
Multiple Oscar Actors
pecheneg
Mystery Phrase Blitz: Oscar 'Best Actors'
pecheneg
F. Scott Fitzgerald Novels
LTH
Pick 3 Villains
ddd62291
Trending Topics
NBA
Kpop
Crossword
Marvel
Disney
Harry Potter
Anime
The Office
Pokémon
WWE
NFL
Soccer
Song
Country
Puzzle
Your Account Isn't Verified!
In order to create a playlist on Sporcle, you need to verify the email address you used during registration. Go to your
Sporcle Settings
to finish the process.
Report this User
Report this user for behavior that violates our
Community Guidelines
.
Details:
Send Report
Go to the Sporcle.com Mobile Site →
Comments